000 00365nam a2200133Ia 4500
008 231129s9999||||xx |||||||||||||| ||spa||
020 _a958-06-0353-7
040 _bspa
082 _a920 M385m
100 _aMartinez Jose de Jesus
245 0 _aMi general Torrijos : (Testimonio)
264 _aOveja Negra
942 _2ddc
_cBKS
999 _c21104
_d21104